000 00595nam a2200217Ia 4500
003 OSt
005 20221007080618.0
006 a|||||r|||| 00| 0
007 ta
008 221006b |||||||| |||| 00| 0 eng d
024 _a1,977
037 _cTextual
040 _aFLL
_cFLL
_beng
041 _2eng
_aeng
082 _aZOY17, L1
100 _aPospisil Leopold Au.
_9695062
245 0 _aAnthropology of law
_b A comparative theory
260 _aNew Haven
_bHRAF Press USA
_c1974
942 _hZOY17, L1
_cTEXL
_2CC
999 _c1160283
_d1160283